Sports Quiz

Random Sports Quiz

2014-2015 Pacific Division Rosters Quiz Stats

 Plays Quiz not verified by Sporcle

Score 0/234 Timer 10:00
0 Plays Today
Team Player % Correct
San Jose SharksBen Smith
100%
Anaheim DucksCorey Perry
97.9%
Anaheim DucksRyan Getzlaf
97.9%
Arizona CoyotesMike Smith
97.9%
Anaheim DucksFrederik Andersen
95.7%
Los Angeles KingsDustin Brown
93.6%
Vancouver CanucksRyan Miller
93.6%
San Jose SharksMike Brown
93.6%
Edmonton OilersTaylor Hall
91.5%
Edmonton OilersRyan Nugent-Hopkins
91.5%
Calgary FlamesMark Giordano
89.4%
San Jose SharksJoe Thornton
89.4%
Arizona CoyotesOliver Ekman-Larsson
87.2%
Calgary FlamesJonas Hiller
87.2%
Calgary FlamesDavid Jones
87.2%
Los Angeles KingsMartin Jones
87.2%
Los Angeles KingsAlec Martinez
85.1%
Vancouver CanucksDaniel Sedin
85.1%
Vancouver CanucksHenrik Sedin
85.1%
Anaheim DucksFrancois Beauchemin
83%
San Jose SharksAntti Niemi
83%
Edmonton OilersJordan Eberle
83%
Anaheim DucksRyan Kesler
80.9%
Anaheim DucksJohn Gibson
80.9%
Calgary FlamesJohn Gaudreau
78.7%
Calgary FlamesKarri Ramo
78.7%
Edmonton OilersBen Scrivens
78.7%
Los Angeles KingsAnze Kopitar
78.7%
Los Angeles KingsJonathan Quick
78.7%
Los Angeles KingsJeff Carter
78.7%
San Jose SharksPatrick Marleau
78.7%
Edmonton OilersNail Yakupov
76.6%
Los Angeles KingsDrew Doughty
76.6%
Los Angeles KingsJustin WIlliams
76.6%
San Jose SharksJoe Pavelski
76.6%
Calgary FlamesJiri Hudler
74.5%
Edmonton OilersViktor Fasth
74.5%
Calgary FlamesT.J. Brodie
72.3%
San Jose SharksLogan Couture
72.3%
Vancouver CanucksKevin Bieksa
70.2%
Los Angeles KingsMike Richards
70.2%
San Jose SharksBrent Burns
70.2%
Vancouver CanucksEddie Lack
70.2%
Vancouver CanucksRadim Vrbata
68.1%
Arizona CoyotesSam Gagner
68.1%
Los Angeles KingsJeff Schultz
65.4%
Calgary FlamesSean Monahan
63.8%
Los Angeles KingsVyacheslav Voynov
63.8%
San Jose SharksAlex Stalock
63.8%
San Jose SharksTomas Hertl
63.8%
Vancouver CanucksNick Bonino
63.8%
Vancouver CanucksAlexander Edler
63.8%
Los Angeles KingsMatt Greene
61.7%
Anaheim DucksHampus Lindholm
61.7%
Anaheim DucksCam Fowler
59.6%
Anaheim DucksAndrew Cogliano
59.6%
Los Angeles KingsMarian Gaborik
59.6%
Los Angeles KingsDwight King
59.6%
Edmonton OilersJustin Schultz
59.6%
Vancouver CanucksJacob Markstrom
59.1%
Vancouver CanucksDan Hamhuis
57.4%
Calgary FlamesDennis Wideman
57.4%
Los Angeles KingsTyler Toffoli
57.4%
Anaheim DucksJakob Silfverberg
55.3%
Vancouver CanucksAlexandre Burrows
55.3%
Anaheim DucksSami Vatanen
55.3%
Arizona CoyotesMikkel Boedker
55.3%
Calgary FlamesSam Bennett
55%
Arizona CoyotesShane Doan
54.5%
Arizona CoyotesMartin Hanzal
53.2%
Arizona CoyotesTye McGinn
53.2%
Los Angeles KingsJarret Stoll
53.2%
Los Angeles KingsTanner Pearson
53.2%
San Jose SharksMarc-Edouard Vlasic
53.2%
Vancouver CanucksLuca Sbisa
51.1%
Anaheim DucksJason Labarbera
51.1%
Los Angeles KingsRobyn Regehr
51.1%
Calgary FlamesDavid Schlemko
50%
Team Player % Correct
Calgary FlamesMikael Backlund
48.9%
Anaheim DucksIlya Bryzgalov
48.9%
Anaheim DucksEmerson Etem
46.8%
Calgary FlamesLadislav Smid
46.8%
Calgary FlamesMason Raymond
46.8%
Los Angeles KingsJordan Nolan
46.8%
Edmonton OilersAndrew Ference
46.8%
Calgary FlamesMatt Stajan
44.7%
Los Angeles KingsJake Muzzin
44.7%
Arizona CoyotesConnor Murphy
40.4%
Edmonton OilersBenoit Pouliot
40.4%
Los Angeles KingsTrevor Lewis
40.4%
Vancouver CanucksChris Higgins
40.4%
Edmonton OilersDerek Roy
38.5%
Vancouver CanucksZach Kassian
38.3%
Vancouver CanucksJannik Hansen
38.3%
Anaheim DucksJames Wisniewski
36.4%
Anaheim DucksPatrick Maroon
36.2%
Anaheim DucksMatt Beleskey
36.2%
Arizona CoyotesMartin Erat
36.2%
San Jose SharksTommy Wingels
36.2%
Vancouver CanucksChris Tanev
36.2%
Anaheim DucksRickard Rakell
36.2%
Edmonton OilersTeddy Purcell
36.2%
San Jose SharksMatthew Nieto
34%
Arizona CoyotesLauri Korpikoski
31.9%
Vancouver CanucksLinden Vey
31.9%
Vancouver CanucksBrad Richardson
31.9%
Vancouver CanucksBo Horvat
31.9%
Arizona CoyotesPhilip Samuelsson
31.8%
Arizona CoyotesHenrik Samuelsson
31.8%
Anaheim DucksJiri Sekac
31.8%
Edmonton OilersMatt Fraser
30.8%
Vancouver CanucksSven Baertschi
30%
Calgary FlamesLance Bouma
29.8%
Edmonton OilersLeon Draisaitl
29.8%
San Jose SharksBrenden Dillon
29.8%
San Jose SharksMelker Karlsson
29.8%
Calgary FlamesMichael Ferland
29.8%
Calgary FlamesKris Russell
27.7%
Los Angeles KingsBrayden McNabb
27.7%
Arizona CoyotesLouis Domingue
27.3%
Anaheim DucksSimon Despres
27.3%
Los Angeles KingsAndrej Sekera
27.3%
Anaheim DucksNate Thompson
25.5%
Anaheim DucksKyle Palmieri
25.5%
Edmonton OilersAnton Lander
25.5%
Los Angeles KingsKyle Clifford
25.5%
San Jose SharksMirco Mueller
25.5%
San Jose SharksChris Tierney
25.5%
San Jose SharksJustin Braun
25.5%
Calgary FlamesJoni Ortio
24%
Anaheim DucksJosh Manson
23.4%
Arizona CoyotesMichael Stone
23.4%
Calgary FlamesJoe Colborne
23.4%
Edmonton OilersMatt Hendricks
23.4%
Edmonton OilersDarnell Nurse
23.4%
San Jose SharksJohn Scott
23.4%
San Jose SharksScott Hannan
23.4%
Vancouver CanucksRonalds Kenins
22.7%
Arizona CoyotesMark Arcobello
22.7%
Anaheim DucksMark Fistric
21.3%
Arizona CoyotesKyle Chipchura
21.3%
Calgary FlamesDevin Setoguchi
21.3%
Calgary FlamesDeryk Engelland
21.3%
Calgary FlamesPaul Byron
21.3%
Edmonton OilersBoyd Gordon
21.3%
Edmonton OilersNikita Nikitin
21.3%
San Jose SharksMatt Irwin
21.3%
Vancouver CanucksYannick Weber
21.3%
Anaheim DucksStefan Noesen
20%
Anaheim DucksClayton Stoner
19.1%
Arizona CoyotesTobias Rieder
19.1%
Edmonton OilersMark Fayne
19.1%
Edmonton OilersOscar Klefbom
19.1%
Calgary FlamesJosh Jooris
19.1%
Calgary FlamesMarkus Granlund
19.1%
Calgary FlamesTyler Wotherspoon
18.2%
Team Player % Correct
Arizona CoyotesMike Lee
18.2%
Edmonton OilersRichard Bachman
18.2%
Arizona CoyotesJohn Moore
18.2%
San Jose SharksBarclay Goodrow
17%
Arizona CoyotesAndrew Campbell
17%
Calgary FlamesBrian McGrattan
17%
Calgary FlamesBrandon Bollig
17%
Anaheim DucksChris Wagner
17%
Calgary FlamesRaphael Diaz
17%
Edmonton OilersRob Klinkhammer
15.4%
Vancouver CanucksFrank Corrado
15.4%
Anaheim DucksTim Jackman
14.9%
Arizona CoyotesJoe Vitale
14.9%
Edmonton OilersMartin Marincin
14.9%
Vancouver CanucksAdam Clendening
13.6%
Calgary FlamesDrew Shore
13.6%
Vancouver CanucksJoacim Eriksson
13.6%
Vancouver CanucksRyan Stanton
12.8%
Vancouver CanucksTom Sestito
12.8%
Vancouver CanucksDerek Dorsett
12.8%
Calgary FlamesMax Reinhart
12.8%
Los Angeles KingsNick Shore
12%
San Jose SharksMichael Haley
11.5%
Arizona CoyotesDavid Moss
10.6%
Arizona CoyotesBrandon Gormley
10.6%
Arizona CoyotesB.J. Crombeen
10.6%
Edmonton OilersJesse Joensuu
10.6%
Edmonton OilersKeith Aulie
10.6%
Los Angeles KingsAndy Andreoff
10.6%
San Jose SharksAdam Burish
10.6%
Vancouver CanucksShawn Matthias
10.6%
Edmonton OilersLuke Gazdic
10.6%
San Jose SharksBryan Lerg
10%
Edmonton OilersTyler Bunz
10%
Calgary FlamesJohn Ramage
10%
Calgary FlamesBrett Kulak
10%
San Jose SharksDaniil Tarasov
9.1%
Los Angeles KingsJean-Francois Berube
9.1%
Calgary FlamesDavid Wolf
9.1%
Arizona CoyotesMike McKenna
9.1%
Calgary FlamesEmile Poirier
9.1%
Los Angeles KingsDerek Forbort
9.1%
Vancouver CanucksBrandon McMillan
9.1%
Arizona CoyotesKlas Dahlbeck
9.1%
Calgary FlamesCorban Knight
9.1%
San Jose SharksTaylor Fedun
9.1%
Calgary FlamesCorey Potter
8.5%
Edmonton OilersBrandon Davidson
8.5%
Los Angeles KingsJamie McBain
8.5%
San Jose SharksTroy Grosenick
8.5%
San Jose SharksEriah Hayes
8.5%
San Jose SharksMatt Tennyson
8.5%
Anaheim DucksMax Friberg
7.7%
Edmonton OilersBrad Hunt
7.7%
Edmonton OilersSteve Pinizzotto
6.4%
Edmonton OilersTyler Pitlick
6.4%
Vancouver CanucksNicklas Jensen
6.4%
Anaheim DucksColby Robak
6.4%
Edmonton OilersDavid Musil
5%
Edmonton OilersLaurent Brossoit
5%
San Jose SharksDylan DeMelo
4.5%
Arizona CoyotesDylan Reese
4.5%
Edmonton OilersJordan Oesterle
4.5%
Arizona CoyotesCraig Cunningham
4.5%
Arizona CoyotesJordan Szwarz
4.5%
Edmonton OilersBogdan Yakimov
4.3%
Edmonton OilersIiro Pakarinen
4.3%
Los Angeles KingsDavid Van Der Gulik
4.3%
Vancouver CanucksBrandon DeFazio
4.3%
Arizona CoyotesTyler Gaudet
3.8%
Vancouver CanucksAlex Biega
3.8%
Vancouver CanucksBobby Sanguinetti
3.8%
Arizona CoyotesJustin Hodgman
2.1%
Arizona CoyotesLucas Lessio
2.1%
Arizona CoyotesBrendan Shinnimin
2.1%
Anaheim DucksJesse Blacker
2.1%
Arizona CoyotesJordan Martinook
2.1%
Arizona CoyotesAlex Bolduc
2.1%

You're not logged in!

Compare scores with friends on all Sporcle quizzes.
OR
Log In

Sporcle TV

Today on Sporcle TV


Watch our educational content, quiz creation guides, and fun videos on Sporcle TV.

Show Comments

Extras

Top Quizzes Today


Score Distribution

Your Account Isn't Verified!

In order to create a playlist on Sporcle, you need to verify the email address you used during registration. Go to your Sporcle Settings to finish the process.

Report this User

Report this user for behavior that violates our Community Guidelines.

Details: